000 00579nam a22001817a 4500
005 20251108171250.0
008 250721s1977 xx 000 0 ara d
082 1 4 _a657.48/فوز
100 1 _aدميان، فوزي
245 1 0 _aمقدمة في المحاسبة المالية /
264 1 _aطرابلس :
_bالمنشأة العامة للنشر و التوزيع و الإعلان،
_c1977.
300 _a638ص
650 1 7 _aالمحاسبة
650 1 7 _aالمحاسبة المالية
700 1 _aضو، خليفة علي
942 _2ddc
_cBK
999 _c60843
_d60843